Gestures and inner feelings in the graphic representations of the last supper in old Romanian writings 1700-1829 /
Elmentve itt :
| Szerzők: | |
|---|---|
| Dokumentumtípus: | Könyv része |
| Megjelent: |
Szeged University Press
Szeged
2025
|
| Sorozat: | Litterae Humaniores
Iconicity, history, and the cultural imageries of body and soul |
| Kulcsszavak: | Művészettörténet - Románia - 1700-1829 - forrás, Ikonográfia, Ikonológia, Szemiotika, Gesztusok ábrázolása - festészet, Festészet - olasz - 15. sz. |
| Tárgyszavak: | |
| doi: | 10.14232/lh.2025.2.257-271 |
| Online Access: | http://acta.bibl.u-szeged.hu/88284 |
| LEADER | 01240naa a2200265 i 4500 | ||
|---|---|---|---|
| 001 | acta88284 | ||
| 005 | 20250808075651.0 | ||
| 008 | 250808s2025 hu o 000 eng d | ||
| 020 | |a 978-963-688-057-6 | ||
| 022 | |a 3057-9929 | ||
| 024 | 7 | |a 10.14232/lh.2025.2.257-271 |2 doi | |
| 040 | |a SZTE Egyetemi Kiadványok Repozitórium |b hun | ||
| 041 | |a eng | ||
| 100 | 1 | |a Tatay Anca Elisabeta | |
| 245 | 1 | 0 | |a Gestures and inner feelings in the graphic representations of the last supper in old Romanian writings |h [elektronikus dokumentum] : |b 1700-1829 / |c Tatay Anca Elisabeta |
| 260 | |a Szeged University Press |b Szeged |c 2025 | ||
| 300 | |a 257-271 | ||
| 490 | 0 | |a Litterae Humaniores | |
| 490 | 0 | |a Iconicity, history, and the cultural imageries of body and soul | |
| 650 | 4 | |a Bölcsészettudományok | |
| 650 | 4 | |a Nyelvek és irodalom | |
| 650 | 4 | |a Művészetek (művészetek, művészettörténet, előadóművészetek, zene) | |
| 695 | |a Művészettörténet - Románia - 1700-1829 - forrás, Ikonográfia, Ikonológia, Szemiotika, Gesztusok ábrázolása - festészet, Festészet - olasz - 15. sz. | ||
| 700 | 0 | 2 | |a Tatai-Baltă Cornel |e aut |
| 856 | 4 | 0 | |u http://acta.bibl.u-szeged.hu/88284/1/litterae_humaniores_2025_001_257-271.pdf |z Dokumentum-elérés |